| 000 | 00836cam a22003011 4500 | ||
|---|---|---|---|
| 001 | 9389875 | ||
| 003 | OSt | ||
| 005 | 20140310182803.0 | ||
| 008 | 720420s1964 nyu 000 0aeng | ||
| 010 | _a 64015460 | ||
| 035 | _a(OCoLC)289397 | ||
| 040 |
_aDLC _cODaWU _dOCoLC _dDLC |
||
| 042 | _apremarc | ||
| 050 | 0 | 0 |
_aPS 3525 _b.M478 1964 |
| 082 |
_aM 818.52 _bM17 1964 |
||
| 100 | 1 |
_aMcGinley, Phyllis, _d1905-1978. |
|
| 245 | 1 | 0 |
_aSixpence in her shoe / _cMcGinley, Phyllis |
| 260 |
_aNew York, NY : _bDell Publishing Co., Inc., _cc1964. |
||
| 300 |
_a256 p. : _c18 cm. |
||
| 490 | 0 | _aA Macmillan career book | |
| 500 | _aAutobiographical. | ||
| 521 | _aCollege Students | ||
| 526 | _c1210L-1700L | ||
| 541 | _j1 | ||
| 562 | _e1 | ||
| 906 |
_a7 _bcbc _coclcrpl _du _encip _f19 _gy-gencatlg |
||
| 942 |
_2lcc _cBK _kM |
||
| 999 |
_c16022 _d16022 |
||